00718nam a2200193 i 450000100060000000300090000600500170001500700030003200800410003510000310007624500730010726000600018030000220024049000430026283000510030585200310035699900170038795201200040448989ES-MaACL20230906161848.0t|030704s1947 sp ||||1| spa d1 aCornudella, José.94064210aTerapéutica de la tuberculosis pulmonar / cpor José Cornudella. aBarcelona : bSalvat, c1947 (fImp. Hispano-Americana) a220 p. ; c23 cm.1 aManuales de medicina práctica ; v940 aManuales de medicina práctica ; v949181070 aES-MaACLjC-4188 bR.23891 c48989d48989 00104070aATENEOMbATENEOMcSPALd2008-01-17eSCl0oC-4188p1051555r2023-02-23 00:00:00w2023-02-23yMONOGRAFIA